000 01298nam a2200265Ia 4500
003 OSt
005 20220930094809.0
006 a|||||r|||| 00| 0
007 ta
008 220926b |||||||| |||| 00| 0 hin d
024 _a19520
037 _cTheses
040 _aCRL
_cCRL
_bhin
041 _2hin
_ahin
100 _aनवीन चंदर
110 _aदिल्ली विश्वविद्यालय. कला संकाय. राजनीति शास्त्र विभाग
_9556303
245 0 _aउत्तर भारत में भाषा की राजनीति
_b साठोत्तरी आंदोलन के निहितार्थ
246 _aUttar bhārat mean bhāṣhā kī rājanīti: sāṭhottarī āandolan ke nihitārtha
260 _c2013
650 _aभारतीय राजनीति
700 _a प्रो. उज्जवल कुमार सिंह, गा.
_9556304
700 _aदिल्ली विश्वविद्यालय. कला संकाय. राजनीति शास्त्र विभाग
_9556305
942 _cDIS
_2CC
999 _c887696
_d887696